| 000 | 01915nam a2200493Ii 4500 | ||
|---|---|---|---|
| 001 | DIGANAGRA0221 | ||
| 003 | NyNyDIG | ||
| 006 | m o d | ||
| 007 | cr ||||||||||| | ||
| 008 | 210820s2011 sp o 000 0 spa d | ||
| 035 | _a(OCoLC)1282640505 | ||
| 040 |
_aDGITA _beng _erda _epn _cDGITA |
||
| 041 | 1 |
_aspa _hfre |
|
| 020 |
_a9788433933331 _qeBook _qePub |
||
| 020 | _z9788433963307 | ||
| 050 | 1 | 4 | _aDS141 ebook |
| 082 | 0 | 4 | _a305.8924 |
| 100 | 1 |
_aRoudinesco, Elisabeth, _d1944- _eauthor. |
|
| 240 | 1 | 0 |
_aRetour sur la question juive. _lSpanish _s(Moya) |
| 245 | 1 | 0 |
_aA vueltas con la cuestión judía / _cÉlisabeth Roudinesco ; traducción, Antonio-Prometeo Moya. |
| 250 | _aEdición en formato digital. | ||
| 264 | 1 |
_aBarcelona : _bEditorial Anagrama, _c[2011] |
|
| 300 | _a1 online resource. | ||
| 336 |
_atext _btxt _2rdacontent |
||
| 337 |
_acomputer _bc _2rdamedia |
||
| 338 |
_aonline resource _bcr _2rdacarrier |
||
| 347 |
_atext file _2rdaft |
||
| 347 | _bEPUB | ||
| 490 | 1 | _aColección Argumentos | |
| 588 | 0 | _aOnline resource; title from ePub title page (Digitalia, viewed August 20, 2021) | |
| 650 | 0 |
_aJews _xHistory. |
|
| 650 | 0 | _aAntisemitism. | |
| 650 | 0 |
_aJudaism _xHistory. |
|
| 655 | 0 | _aElectronic books. | |
| 700 | 1 |
_aMoya, Antonio-Prometeo, _d1949- _etranslator. |
|
| 700 | 1 |
_iTranslation of: _aRoudinesco, Elisabeth, _d1944- _tRetour sur la question juive. |
|
| 776 | 0 | 8 |
_iPrint version: _aRoudinesco, Elisabeth, 1944- _sRetour sur la question juive. Spanish (Moya). _tA vueltas con la cuestión judía. _dBarcelona : Editorial Anagrama, 2011 _z9788433963307 |
| 791 | 2 |
_aDigitalia (Firm), _edistributor. |
|
| 793 | 0 |
_gDigitalia eBook Collection: _aAnagrama |
|
| 830 | 0 |
_aColección Argumentos (Editorial Anagrama) ; _v113. |
|
| 856 | 4 | 0 |
_3Digitalia Hispánica _uhttps://www.digitaliapublishing.com/a/33106/ |
| 910 | _aPremium Collection: 2021 | ||
| 942 | _cRAA | ||
| 999 |
_c241748 _d241748 |
||